00337nam a2200121Ia 4500008004100000041000800041082002000049100003200069245005400101260003200155502001100187999001700198230128s9999 xx 000 0 und d aeng aARA PR0218bARA aAranke D L (2K4201)9118958 aPrinting Press - Sales Order (Job Process) System c2006bPune UniversityaPune cVaze S c97256d97256